Ονοματολογία λεσβιακή
Saved in:
| Main Author: | |
|---|---|
| Format: | Book |
| Language: | Greek |
| Published: |
Μυτιλήνη :
Εταιρία Λεσβιακών Μελετών,
2000.
|
| Subjects: | |
| Tags: |
Add Tag
No Tags, Be the first to tag this record!
|
MARC
| LEADER | 00000cam a2200000 a 4500 | ||
|---|---|---|---|
| 001 | 1/121622 | ||
| 008 | 200625s2000####gr |||||||||||||| ||gre|| | ||
| 040 | |a GR-MyUa |b gre |c GR-MyUa |e AACR2 | ||
| 041 | 0 | |a gre | |
| 082 | 7 | |a 489.31 |2 (23) | |
| 100 | 1 | |a Γιαννουλέλλης, Γιώργος Ν. | |
| 245 | 1 | 0 | |a Ονοματολογία λεσβιακή |h [ανάτυπο] / |c Γιώργος Γιαννουλέλλης. |
| 260 | |a Μυτιλήνη : |b Εταιρία Λεσβιακών Μελετών, |c 2000. | ||
| 300 | |a 109-126 σ. ; |c 25 εκ. | ||
| 500 | |a Ανάτυπο από τα "Λεσβιακά", τόμ. ΙΓ'. | ||
| 650 | 0 | |a Greek language |x Dialects |z Greece |z Lesbos (Municipality) | |
| 852 | |a INST |b LESVOS |e 20200625 |h 489.31 ΓΙΑ |p 005100062340 |q 005100062340 |t BK |y 0 | ||
| 970 | |a Καμάτσου |b Δέσποινα |z 25-06-2020 | ||